Asamiya kabitar chaneki (Major6)/ (Record no. 12158)

MARC details
000 -LEADER
fixed length control field 00501nam a22001817a 4500
005 - DATE AND TIME OF LATEST TRANSACTION
control field 20250306090347.0
008 - FIXED-LENGTH DATA ELEMENTS--GENERAL INFORMATION
fixed length control field 250306b |||||||| |||| 00| 0 eng d
040 ## - CATALOGING SOURCE
Original cataloging agency IN-DiNC
Transcribing agency IN-DiNC
041 ## - LANGUAGE CODE
Language code of sung or spoken text Assamese
082 ## - DEWEY DECIMAL CLASSIFICATION NUMBER
Classification number 891.4511
Item number ASA
245 ## - TITLE STATEMENT
Title Asamiya kabitar chaneki (Major6)/
Statement of responsibility, etc. ed. by Budheswar Borah
250 ## - EDITION STATEMENT
Edition statement 1st ed.
260 ## - PUBLICATION, DISTRIBUTION, ETC.
Place of publication, distribution, etc. Dibrugarh:
Name of publisher, distributor, etc. Kaustubh prakashan,
Date of publication, distribution, etc. 2022.
300 ## - PHYSICAL DESCRIPTION
Extent 159p.
650 ## - SUBJECT ADDED ENTRY--TOPICAL TERM
Topical term or geographic name entry element Assamese poetry (Major6)
700 ## - ADDED ENTRY--PERSONAL NAME
Personal name Borah, Budheswar
Relator term Author
942 ## - ADDED ENTRY ELEMENTS (KOHA)
Source of classification or shelving scheme Dewey Decimal Classification
Koha item type Books
Holdings
Withdrawn status Lost status Source of classification or shelving scheme Damaged status Not for loan Collection code Home library Current library Shelving location Date acquired Cost, normal purchase price Total Checkouts Full call number Barcode Date last seen Copy number Price effective from Koha item type Date last checked out
    Dewey Decimal Classification     Assamese Naharkatiya College Library Naharkatiya College Library General Stacks 06/03/2025 150.00   891.4511 ASA 30736 06/03/2025 1 06/03/2025 Books  
    Dewey Decimal Classification     Assamese Naharkatiya College Library Naharkatiya College Library General Stacks 06/03/2025 150.00 1 891.4511 ASA 30737 11/02/2026 2 06/03/2025 Books 02/02/2026
    Dewey Decimal Classification     Assamese Naharkatiya College Library Naharkatiya College Library General Stacks 06/03/2025 150.00 1 891.4511 ASA 30738 09/03/2026 3 06/03/2025 Books 26/02/2026
    Dewey Decimal Classification     Assamese Naharkatiya College Library Naharkatiya College Library General Stacks 06/03/2025 150.00 1 891.4511 ASA 30739 10/04/2025 4 06/03/2025 Books 29/03/2025
    Dewey Decimal Classification     Assamese Naharkatiya College Library Naharkatiya College Library General Stacks 06/03/2025 150.00   891.4511 ASA 30740 06/03/2025 5 06/03/2025 Books  

Naharkatiya College © 2020. All rights reserved.

Powered By